Die 10 häufigsten Ängste der welt - Statistiken

Allgemein
  • Dieses Quiz wurde 307 mal gespielt
  • Das Durchschnittsergebnis liegt bei 2 aus 10
Antwortstatistiken
% Angst % Korrekt
32 Höhe
86%
19 Krankheit / Tod
58%
18 Fliegen
24%
11 Hunde
23%
14 Einsamkeit
13%
9 Autofahren
7%
22 Geldmangel
4%
22 Tiefes Wasser
3%
41 Öffentlich reden
2%
22 Ungeziefer
2%
Keine übereinstimmenden Quizze gefunden
Verteilung der Resultate
Anzahl Personen mit jedem Resultat
Perzentil nach korrekt beantworteten Fragen
Ihre Resultats-Entwicklung
Sie haben dieses Quiz noch nicht gespielt